Kvalita pracovnej sily a prostredia

Nezamestnanosť ako najväčší problém ekonomiky SR. Možnosti zlepšenia podmienok na vytvorenie nových pracovných príležitostí.

Na minha lista:
Detalhes bibliográficos
Autor principal: Zvrškovec, A.
Formato: Capítulo de Livro
Idioma:eslovaco
Assuntos:
Tags: Adicionar Tag
Sem tags, seja o primeiro a adicionar uma tag!

MARC

LEADER 00000naa a2200000 4500
001 r022098
005 20230801110014.0
041 0 |a slo 
044 |a SK 
245 1 0 |a Kvalita pracovnej sily a prostredia  |c A. Zvrškovec 
520 |a Nezamestnanosť ako najväčší problém ekonomiky SR. Možnosti zlepšenia podmienok na vytvorenie nových pracovných príležitostí. 
610 2 0 |a Slovensko 
610 2 0 |a 1996 
610 2 0 |a nezamestnanosť 
610 2 0 |a sily pracovné 
100 1 |a Zvrškovec, A.